LEADER 02070nam a2200409 a 4500 001 000000123610 003 CaOOAMICUS 005 20101102105947.0 008 101102t2010 it ah 100 u fre r 020 $a978-88-8334-432-9 040 $aPUL$bita 041 0 $afre$aita 082 04$a947.08 245 03$aLa Russie et l'Occident :$brelations intellectuelles et artistiques au temps des révolutions russes : actes du colloque, Université de Lausanne, 20-21 mars 2009 /$csous la direction de Ivan Foletti ; avec la collaboration de Valentine Giesser et Ilaria Molteni. 260 $aRoma :$bViella,$c©2010. 300 $a223 p. :$bfacs., ill. ;$c24 cm. 490 1 $aI libri di Viella. Arte 490 1 $aÉtudes lausannoises d'histoire de l'art ;$v10 500 $aRiassunti in italiano e francese. 500 $aInclude indice. 504 $aContiene riferimenti bibliografici. 546 $aContributi in francese e italiano. 651 4$aRussia$xRivoluzione$y1905-1917.$0(OLS)http://pul/subject/36886 651 4$aRussia$zEuropa$xRelazioni culturali.$0(OLS)http://pul/subject/28567 700 1 $aFoletti, Ivan.$0(OLS)http://pul/name/77882 700 1 $aGiesser, Valentine.$0(OLS)http://pul/name/77883 700 1 $aMolteni, Ilaria.$0(OLS)http://pul/name/77884 830 2$aI libri di Viella.$pArte.$0(OLS)http://pul/title/137104 830 0$aÉtudes lausannoises d'histoire de l'art ;$v10.$0(OLS)http://pul/title/137105 850 $aPUL 852 $aPUL$W1$xSL Cons. Gen., Altre Classi 3$y75$m947. 08 FOLIV 1$j142283$qDDC 21$B141260$CPULBib$Z2$F141260 $H114878 $82 941 1 $a9 996 $6020$a978-88-8334-432-9$9(OLS)http://pul/number/145787 996 $6082$a947.08$9(OLS)http://pul/classification/1723 996 $6245$aLa Russie et l'Occident :$brelations intellectuelles et artistiques au temps des révolutions russes : actes du colloque, Université de Lausanne, 20-21 mars 2009$9(OLS)http://pul/title/155788 996 $6260$aRoma :$bViella$9(OLS)http://pul/publisher/54599 LEADER 01688nam a2200385 u 4500 001 000000057026 003 CaOOAMICUS 005 20070226120534.0 008 010426s1995 it u000 u ita u 020 $a8842047317 035 $a10886597 040 $aPUL(R)$bita 041 1 $aita$heng 100 1 $aDahrendorf, Ralph,$d1929-2009.$0(OLS)http://pul/name/31787 240 10$aEconomic opportunity, civil society and political liberty.$lItaliano.$0(OLS)http://pul/title/76307 245 10$aQuadrare il cerchio :$bbenessere economico, coesione sociale e libertà politica /$cRalf Dahrendorf ; in appendice il confronto tra Eugenio Scalfari e Ralf Dahrendorf. 250 $a4. ed. 260 $aRoma :$bLaterza,$c1995. 300 $a88 p. ;$c17 cm 490 1 $aIl nocciolo ;$v17 650 4$aEtica e economia.$0(OLS)http://pul/subject/11804 650 4$aEconomia e società.$0(OLS)http://pul/subject/6910 700 1 $aScalfari, Eugenio.$0(OLS)http://pul/name/39916 830 3$aIl nocciolo ;$v17.$0(OLS)http://pul/title/66799 850 $aPUL 852 $aPUL$W1$xDP1 Altre Collocazioni$y17$mSenza collocazione$j12$nBK-PRI$b $qStampati$B74689$CPULBib$Z2$F74689 $H $81 941 1 $a8 960 $aEconomia e morale$911804 960 $aEconomia e morale$911804 960 $aEtica economica$911804 960 $aEtica degli affari$911804 960 $aFinanza etica$911804 996 $6020$a8842047317$9(OLS)http://pul/number/71997 996 $6245$aQuadrare il cerchio :$bbenessere economico, coesione sociale e libertà politica$9(OLS)http://pul/title/76308 996 $6260$aRoma :$bLaterza$9(OLS)http://pul/publisher/47864